Maxima and minima : (Record no. 52673)
[ view plain ]
| 000 -LEADER | |
|---|---|
| fixed length control field | 00744nam a2200217 a 4500 |
| 001 - CONTROL NUMBER | |
| control field | 52673 |
| 003 - CONTROL NUMBER IDENTIFIER | |
| rucl marc code | BD-RjUL |
| 005 - DATE AND TIME OF LATEST TRANSACTION | |
| control field | 20211209075837.0 |
| 008 - FIXED-LENGTH DATA ELEMENTS--GENERAL INFORMATION | |
| fixed length control field | 16092 s1966 ne a b 001 0 eng |
| 035 ## - SYSTEM CONTROL NUMBER | |
| System control number | (BD-RjUL)52793 |
| 040 ## - CATALOGING SOURCE | |
| Original cataloging agency | DLC |
| Transcribing agency | ODaWU |
| Modifying agency | OCoLC |
| -- | DLC |
| -- | BD-RjUL |
| Language of cataloging | eng |
| 041 1# - LANGUAGE CODE | |
| Language code of text/sound track or separate title | engfre |
| 082 00 - DEWEY DECIMAL CLASSIFICATION NUMBER | |
| Edition number | 23 |
| Classification number | 330.0151 |
| Author mark and year | FRM 1966 |
| 100 1# - MAIN ENTRY--PERSONAL NAME | |
| Personal name | Frisch, Ragnar |
| Dates associated with a name | 1895-1973. |
| 9 (RLIN) | 157526 |
| 245 10 - TITLE STATEMENT | |
| Title | Maxima and minima : |
| Remainder of title | theory and economic applications / |
| Statement of responsibility, etc. | Ragnar Frisch in collaboration with A. Nataf |
| 260 ## - PUBLICATION, DISTRIBUTION, ETC. (IMPRINT) | |
| Place of publication, distribution, etc. | Dordrecht, Holland ; |
| Name of publisher, distributor, etc. | D. Reidel Pub. Co., |
| Place of publication, distribution, etc. | Chicago : |
| Name of publisher, distributor, etc. | Rand McNally, |
| Date of publication, distribution, etc. | 1966 |
| 300 ## - PHYSICAL DESCRIPTION | |
| Pagination | xii, 176 p. |
| Illustrations | ill. |
| Size | 23 cm. |
| 504 ## - BIBLIOGRAPHY, ETC. NOTE | |
| Bibliography, etc | Includes Bibliography and index |
| 650 #0 - SUBJECT ADDED ENTRY--TOPICAL TERM | |
| Topical term or geographic name as entry element | Economics, Mathematical. |
| 9 (RLIN) | 157527 |
| 942 ## - ADDED ENTRY ELEMENTS (KOHA) | |
| Source of classification or shelving scheme | Dewey Decimal Classification |
| Koha item type | Books |
| Lost status | Source of classification or shelving scheme | Damaged status | Not for loan | Collection code | Permanent Location | Current Location | Shelving location | Date acquired | Source of acquisition | Cost, normal purchase price | Total Checkouts | Full call number | Date last seen | Copy number | Koha item type |
|---|---|---|---|---|---|---|---|---|---|---|---|---|---|---|---|
| Dewey Decimal Classification | Non-fiction | Central Library, University of Rajshahi | Central Library, University of Rajshahi | 07/01/1970 | Zeitlinger | 75.00 | 330.0151 FRM 1966 | 25/09/2016 | C-2 | Books | |||||
| Dewey Decimal Classification | Non-fiction | Central Library, University of Rajshahi | Central Library, University of Rajshahi | Zeit. | 75.00 | 330.0151 FRM 1966 | 17/12/2016 | C-3 | Books |